[Event "V Open"]
[Site "Banyoles ESP"]
[Date "2002.08.05"]
[Round "3"]
[White "Bon,M"]
[Black "Mellado Trivino,J"]
[Result "1/2-1/2"]
[WhiteElo "2148"]
[BlackElo "2447"]

1.e4 d5 2.exd5 Qxd5 3.Nc3 Qd6 4.d4 Nf6 5.Bc4 a6 6.Bb3 Nc6 7.Nge2 e5 8.dxe5 Qxd1+
9.Nxd1 Nxe5 10.Ndc3 h6 11.O-O Bd6 12.Ng3 O-O 13.Nge4 Nxe4 14.Nxe4 Bb4 15.Bf4 Re8
16.c3 Ba5 17.Rfe1 Bf5 18.Nc5 Nd3 19.Nxd3 Bxd3 20.Rxe8+ Rxe8 21.Be3 c6 22.Rd1 Bf5
23.h3 Rd8 24.Rxd8+ Bxd8 25.Kf1 Bd3+ 26.Ke1 h5 27.Bd1 g6 28.Bf3 Bb1 29.a3 Kf8
30.Kd2 Ke7 31.h4 Ke6 32.g3 Bc7 33.Bg2 Be5 34.Bd4 Bd6 35.Bb6 f5 36.f4 Ba2  1/2-1/2

[Event "Juventus"]
[Site "Bucharest ROM"]
[Date "2002.08.06"]
[Round "2"]
[White "Manea,A"]
[Black "Osman,M"]
[Result "1-0"]
[WhiteElo "2289"]
[BlackElo "2083"]

1.e4 d5 2.exd5 Qxd5 3.Nc3 Qd6 4.d4 Nf6 5.Be2 Nc6 6.Nf3 Bg4 7.Nb5 Qd7 8.Bf4 Nd5
9.Bg3 a6 10.Nc3 e6 11.O-O Nxc3 12.bxc3 Bd6 13.Rb1 Bxg3 14.fxg3 Rb8 15.Ng5 Bxe2
16.Qxe2 Nd8 17.Rf4 h6 18.Rh4 Qd5 19.Ne4 Qxa2 20.Rf1 b5 21.g4 b4 22.g5 h5
23.g6 fxg6 24.Nc5 bxc3 25.Qe4 Rh6 26.Rhf4 g5 27.Qc6+ Nxc6 28.Rf8+ Ke7 29.R1f7+ Kd6
30.Rd7+  1-0

[Event "V Open"]
[Site "Banyoles ESP"]
[Date "2002.08.07"]
[Round "5"]
[White "Cuadras Avellana,Jo"]
[Black "Mellado Trivino,J"]
[Result "0-1"]
[WhiteElo "2370"]
[BlackElo "2447"]

1.e4 d5 2.exd5 Qxd5 3.Nc3 Qd6 4.d4 Nf6 5.Nf3 a6 6.Be3 Nc6 7.Qd2 Bf5 8.Bf4 Qb4
9.Bxc7 Rc8 10.a3 Qxb2 11.Ra2 Ne4 12.Rxb2 Nxd2 13.Rxb7 Nxf3+ 14.gxf3 Nxd4
15.Bxa6 Ra8 16.Bc4 Bc8 17.Rb2 e6 18.Nb5 Bxa3 19.Nxa3 Rxa3 20.O-O Rc3 21.Rb4 O-O
22.Bd6 Rd8 23.Be7 Rd7 24.Bc5 Nxf3+ 25.Kh1 Rxc4 26.Rxc4 Nd2 27.Rb4 Nxf1 28.Rb8 Rc7
29.Bb4 Nxh2 30.Kxh2 Rxc2  0-1

[Event "6th HZ Open"]
[Site "Vlissingen NED"]
[Date "2002.08.09"]
[Round "7"]
[White "Van Weersel,A"]
[Black "Tolhuizen,L"]
[Result "1/2-1/2"]
[WhiteElo "2072"]
[BlackElo "2209"]

1.e4 d5 2.exd5 Qxd5 3.Nc3 Qd8 4.d4 Nf6 5.Bc4 c6 6.Nf3 Bf5 7.O-O e6 8.Re1 Be7
9.Bf4 O-O 10.h3 Nd5 11.Nxd5 cxd5 12.Bd3 Bxd3 13.Qxd3 Nc6 14.c3 h6 15.Re3 Bd6
16.Bxd6 Qxd6 17.Rae1 Rab8 18.Nh4 Qd8  1/2-1/2

[Event "GPA Open"]
[Site "Ontario CAN"]
[Date "2002.08.10"]
[Round "7"]
[White "Pushkedra,F"]
[Black "Schleifer,M"]
[Result "0-1"]
[WhiteElo "2293"]
[BlackElo "2371"]

1.e4 d5 2.exd5 Qxd5 3.Nc3 Qd6 4.d4 Nf6 5.Nf3 a6 6.h3 e6 7.Bd3 Be7 8.O-O O-O
9.Qe2 Nc6 10.Ne4 Nxd4 11.Nxd4 Qxd4 12.Rd1 Nxe4 13.Bxe4 Qf6 14.c4 Bd6 15.c5 Be7
16.Qc2 h6 17.Be3 c6 18.f4 a5 19.a4 Rd8 20.Rxd8+ Bxd8 21.Rd1 Bc7 22.Qf2 Qe7
23.Bd4 Bd7 24.Qg3 e5 25.fxe5 Be6 26.h4 Rd8 27.Kh1 b6 28.Bc2 bxc5 29.Bc3 Rxd1+
30.Bxd1 Bd5 31.Bc2 c4 32.Qg4 Be6 33.Qe4 g6 34.Qf4 h5 35.g3 Bb6 36.Bd4 Qa7
37.Bc3 Qd7 38.Kh2 Qd5 39.Be4 Qd1  0-1

[Event "ch-FRA w"]
[Site "Val d'Isere FRA"]
[Date "2002.08.20"]
[Round "2"]
[White "Te Llalemand,R"]
[Black "Dubois,M"]
[Result "1-0"]
[WhiteElo "2301"]
[BlackElo "2049"]

1.e4 d5 2.exd5 Qxd5 3.Nc3 Qd6 4.d4 Nf6 5.Nf3 a6 6.Be2 Nbd7 7.O-O e6 8.Bg5 Be7
9.Qd2 b5 10.Bf4 Qb6 11.a3 Bb7 12.Rad1 O-O 13.Ne5 Rad8 14.Qe3 Nxe5 15.Bxe5 Rd7
16.Qh3 Rfd8 17.Bd3 g6 18.Rde1 Ne8 19.Ne2 c5 20.dxc5 Bxc5 21.b4 Bf8 22.Ng3 Bg7
23.Bxg7 Kxg7 24.Ne4 Rd5 25.Nc5 Rh5 26.Qg3 Bd5 27.Be2 Rh6 28.c4 Ba8 29.cxb5 axb5
30.Qe5+ Kg8 31.Rd1 Rd5 32.Qf4 g5 33.Qg3 Nf6 34.Rxd5 Bxd5 35.f3 Nd7 36.Qxg5+ Rg6
37.Qe3 e5 38.Bd3 Rg7 39.Re1 Nf6 40.Qxe5 Bxf3  1-0

[Event "ch-FRA w"]
[Site "Val d'Isere FRA"]
[Date "2002.08.22"]
[Round "4"]
[White "Costagliola,M"]
[Black "Dubois,M"]
[Result "1-0"]
[WhiteElo "2238"]
[BlackElo "2049"]

1.e4 d5 2.exd5 Qxd5 3.Nc3 Qd6 4.Bc4 Nf6 5.d3 a6 6.a4 Nc6 7.Nge2 e5 8.O-O Be7
9.h3 Be6 10.Bxe6 Qxe6 11.f4 O-O-O 12.Ng3 exf4 13.Bxf4 Nd5 14.Nxd5 Qxd5 15.Be3 g6
16.Qd2 f5 17.Ne2 Rhe8 18.Nf4 Qd7 19.Rad1 g5 20.Ne2 f4 21.Bf2 f3 22.Ng3 fxg2
23.Kxg2 g4 24.Qh6 Kb8 25.d4 Qd5+ 26.Kh2 Bg5 27.Qh5 gxh3 28.Kxh3 Re6 29.c4 Qd7
30.Qxg5 Rh6+ 31.Kg2 Qh3+ 32.Kf3 Rf8+ 33.Ke2 Rg6 34.Qc5 Re8+ 35.Kd2 Rxg3 36.Bxg3 Qxg3
37.Rf8 Qe3+ 38.Kc2 Qe4+ 39.Kc1 Rxf8 40.Qxf8+ Ka7 41.Qa3 a5 42.Qd3 Qf4+ 43.Qd2 Nxd4
44.Qxf4 Ne2+ 45.Kc2 Nxf4 46.Rd7 Kb8 47.Rd8+ Ka7 48.Re8 b6 49.Re4 Ng6 50.Kd3 Kb7
51.c5 bxc5 52.Kc4 Kb6 53.Kd5 Nf8 54.Re7 Ng6 55.Re6+ Kb7 56.Kxc5 Nf8 57.Re7 Ng6
58.Rxh7 Nf4 59.Kb5 Nd3 60.b3  1-0

[Event "22nd Open"]
[Site "Bratto ITA"]
[Date "2002.08.24"]
[Round "5"]
[White "Vancini,E"]
[Black "Borgo,G"]
[Result "0-1"]
[WhiteElo "2307"]
[BlackElo "2420"]

1.e4 d5 2.exd5 Qxd5 3.Nc3 Qd6 4.Bc4 Nf6 5.h3 a6 6.d3 Nc6 7.Nf3 Na5 8.Bb3 Nxb3
9.axb3 g6 10.O-O Bg7 11.Ra4 Be6 12.Ng5 Bf5 13.Qf3 c6 14.Nce4 Qd8 15.Re1 O-O
16.Nc5 Bc8 17.Rh4 e5 18.Qe2 b6 19.Nce4 h6 20.Nf3 Nh5 21.Nc3 c5 22.Ra4 Bd7
23.Ra2 Re8 24.Qe4 Qc7 25.Nd5 Qd6 26.g4 f5 27.Qc4 Be6 28.gxh5 Bxd5 29.Qh4 Bxf3
30.Kh2 e4+ 31.Bf4 Be5 32.Bxe5 Qxe5+ 33.Kg1 g5 34.Qg3 Qxg3+  0-1

[Event "ch-FRA w"]
[Site "Val d'Isere FRA"]
[Date "2002.08.24"]
[Round "6"]
[White "Marchadour,C"]
[Black "Sebag,M"]
[Result "0-1"]
[WhiteElo "2081"]
[BlackElo "2344"]

1.e4 d5 2.exd5 Qxd5 3.Nc3 Qd6 4.d4 Nf6 5.Nf3 a6 6.Bc4 Bg4 7.Be3 Nc6 8.h3 Bh5
9.g4 Bg6 10.Qe2 Nb4 11.Bb3 Nbd5 12.Nxd5 Nxd5 13.Ne5 O-O-O 14.O-O-O f6 15.Nxg6 hxg6
16.c4 Qc6 17.Kb1 Nxe3 18.Qxe3 e5 19.d5 Qc5 20.Qxc5 Bxc5 21.f3 Rh4 22.Bc2 g5
23.Bf5+ Kb8 24.a3 a5 25.Kc2 Rdh8 26.Be4 Rxh3 27.Rxh3 Rxh3 28.b3 Bxa3 29.Rd2 Bc5
30.Re2 Kc8  0-1

[Event "XIV Open"]
[Site "Porto San Giorgio ITA"]
[Date "2002.08.25"]
[Round "6"]
[White "Satta,V"]
[Black "Cocchi,A"]
[Result "1/2-1/2"]
[WhiteElo "2218"]
[BlackElo "2281"]

1.e4 d5 2.exd5 Qxd5 3.Nc3 Qd6 4.d4 Nf6 5.Nf3 a6 6.h3 Nc6 7.a3 Bf5 8.Bd3 Bxd3
9.Qxd3 e6 10.Be3 Be7 11.O-O O-O 12.Rad1 Rfd8 13.Rfe1 h6 14.Ne4 Qd5 15.Nxf6+ Bxf6
16.c4 Qh5 17.Qb3 b5 18.Qc2 Ne7 19.d5 exd5 20.cxb5 axb5 21.Bd4 Bxd4 22.Nxd4 Ng6
23.Qxc7 Qg5 24.Nf3 Qf6 25.Nd4 Nf4 26.Qe5 Qxe5 27.Rxe5 Rac8 28.Kh2 b4 29.axb4 Rc4
30.Re3 Rd6 31.g3 Ne6 32.Nf5 Rd8 33.Ne7+ Kf8 34.Nxd5 Rc2 35.Kg1 Rxb2 36.Red3 Ng5
37.Nf4 Re8 38.Rd8 Rxb4 39.Rxe8+ Kxe8 40.Re1+ Kf8  1/2-1/2

[Event "22nd Open"]
[Site "Bratto ITA"]
[Date "2002.08.26"]
[Round "7"]
[White "Ceresoli,L"]
[Black "Borgo,G"]
[Result "1/2-1/2"]
[WhiteElo "2204"]
[BlackElo "2420"]

1.e4 d5 2.exd5 Qxd5 3.Nc3 Qd6 4.d4 Nf6 5.Nb5 Qd8 6.Bf4 Nd5 7.Qf3 c6 8.Bc4 e6
9.Bxd5 Qa5+ 10.c3 Qxb5 11.Bb3 Nd7 12.Ne2 a5 13.O-O a4 14.Bc2 Qxb2 15.Be4 Qb6
16.Rfe1 Be7 17.Ng3 Nf6 18.Bd3 Qd8 19.Ne4 O-O 20.Be5 Nxe4 21.Rxe4 g6 22.Rae1 c5
23.dxc5 f6 24.Bd6 Bxd6 25.cxd6 e5 26.Qd1 Kg7 27.f4 Qxd6 28.fxe5 fxe5 29.Rxe5 Rf7
30.Qe2 Bd7 31.Bc4 Rf6 32.Re7+ Kh8 33.Qe3 Raf8 34.h3 g5 35.Bd3 Bf5 36.Bxf5 Rxf5
37.Rxb7 R8f7 38.Qe8+ Kg7 39.Rxf7+ Rxf7 40.Qe5+ Qxe5 41.Rxe5 Kf6 42.Ra5 Rc7
43.Rxa4 Rxc3 44.h4  1/2-1/2

[Event "Open"]
[Site "Nikea GRE"]
[Date "2002.08.26"]
[Round "8"]
[White "Tassopoulos,M"]
[Black "Babaniotis,E"]
[Result "1-0"]
[WhiteElo "2240"]
[BlackElo "2074"]

1.e4 d5 2.exd5 Qxd5 3.Nc3 Qd6 4.d4 Nf6 5.Nf3 Bf5 6.Ne5 c6 7.Bc4 e6 8.g4 Bg6
9.h4 Nbd7 10.Nxd7 Qxd7 11.h5 Be4 12.O-O h6 13.Nxe4 Nxe4 14.c3 Bd6 15.Qe2 Nf6
16.Rd1 O-O-O 17.b4 Nd5 18.Qf3 Rdg8 19.Kf1 g6 20.a4 gxh5 21.gxh5 f5 22.Bxd5 cxd5
23.Ke2 Rg4 24.Kd3 Qf7 25.Rh1 Qc7 26.Be3 Qc4+ 27.Kd2 Re4 28.Kc2 Bxb4 29.Bd2 Bd6
30.Qd3 Bf4 31.Qxc4+ dxc4 32.Rae1 Rxe1 33.Rxe1 Bxd2 34.Kxd2 Kd7 35.Rg1 Rh7
36.Rg8 Ke7 37.Ke3 Kf7 38.Rg6 Ke7 39.d5 exd5 40.Kd4 Kf8 41.Kxd5 Rc7 42.Rxh6 Kg7
43.Rg6+ Kf7 44.f3 Rc8 45.Rd6 Rc7 46.f4 Kg7 47.Ke5 b6 48.Kxf5 Rc5+ 49.Ke6 Rxh5
50.Rd7+ Kh6 51.Rxa7 Rh3 52.Rb7 Rxc3 53.Rxb6 Rb3 54.Rc6 c3 55.Kf5+ Kh7 56.Kg5 Ra3
57.Rc7+ Kg8 58.Kg6 Kf8 59.Rc8+ Ke7 60.f5 Rxa4 61.f6+ Ke6 62.Rc6+ Ke5 63.Rxc3 Rg4+
64.Kf7 Rf4 65.Re3+ Kf5 66.Ke7 Kg6 67.Rg3+ Kh7 68.Rg1 Rf2 69.Kf7 Kh6 70.Rh1+ Kg5
71.Kg7 Rxf6 72.Rg1+ Kf5 73.Rf1+ Ke5 74.Rxf6 Kd5 75.Kf7 Kc5 76.Re6 Kb5 77.Rd6 Kc5
78.Ke6 Kb5 79.Kd5 Ka5 80.Kc5 Ka4 81.Rd3 Ka5 82.Ra3+  1-0

[Event "Hot Summer IM"]
[Site "Tel Aviv ISR"]
[Date "2002.08.27"]
[Round "6"]
[White "Deutsch,E"]
[Black "Kudischewitsch,D"]
[Result "0-1"]
[WhiteElo "2241"]
[BlackElo "2384"]

1.e4 d5 2.exd5 Qxd5 3.Nc3 Qd8 4.Bc4 c6 5.Nf3 Bf5 6.Ne5 e6 7.Qe2 h5 8.d3 Be7
9.Bd2 a5 10.Qf3 Qc7 11.d4 Bf6 12.O-O Ne7 13.Ne4 Bxe5 14.dxe5 Qxe5 15.Rfe1 Nd7
16.Bc3 Bxe4 17.Rxe4 Qg5 18.h4 Qg6 19.Rf4 O-O 20.Kh1 Nd5 21.Bxd5 cxd5 22.g4 e5
23.gxh5 Qc6 24.Rf5 d4 25.Qxc6 bxc6 26.Bd2 f6 27.Rg1 Kf7 28.Rf3 Rh8 29.Rfg3 Rxh5
30.Rxg7+ Ke6 31.R1g4 Rah8 32.Kg2 Rxh4 33.Rxh4 Rxh4 34.Bxa5 Rh8 35.Bd2 Ra8
36.a3 Rb8 37.Bc1 c5 38.f4 c4 39.Kf2 Nc5 40.Ra7 e4 41.f5+ Kd5 42.Rf7 e3+ 43.Kf3 Re8
44.Rxf6 e2 45.Bd2 Ne4 46.Re6 Ng5+ 47.Kxe2 Nxe6 48.fxe6 Rxe6+ 49.Kd1 Rg6 50.a4 Ke4
51.a5 Rg1+ 52.Ke2 Rb1 53.b3 c3 54.Bg5 Rb2 55.Kd1 d3 56.Bf6 dxc2+  0-1

[Event "ch-FRA w"]
[Site "Val d'Isere FRA"]
[Date "2002.08.30"]
[Round "11"]
[White "Milliet,S"]
[Black "Dubois,M"]
[Result "1-0"]
[WhiteElo "2173"]
[BlackElo "2049"]

1.e4 d5 2.exd5 Qxd5 3.Nc3 Qd6 4.d4 Nf6 5.Bd3 Bg4 6.Nge2 Nc6 7.f3 Bh5 8.Bf4 Qd7
9.g4 Bg6 10.d5 Nb4 11.Bb5 c6 12.dxc6 bxc6 13.Ba4 Qxd1+ 14.Rxd1 Bxc2 15.Rd4 e5
16.Rxb4 Bxb4 17.Bxc6+ Ke7 18.Bxa8 exf4 19.Nd4 Bxc3+ 20.bxc3 Rxa8 21.Nxc2 Rc8
22.Kd2 Nd5 23.Nd4 Nxc3 24.Rc1 Rc4 25.Nf5+ Kf6 26.Rxc3 Ra4 27.a3 g6 28.Nd6 Kg7
29.Kc2 Ra6 30.Ne4 f5 31.Nc5 Rc6 32.g5 h6 33.h4 hxg5 34.hxg5 Rd6 35.Nd3 Ra6
36.Nxf4  1-0

[Event "TCh-CRO"]
[Site "Medulin CRO"]
[Date "2002.09.09"]
[Round "1"]
[White "Fercec,N"]
[Black "Sermek,D"]
[Result "1/2-1/2"]
[WhiteElo "2494"]
[BlackElo "2603"]

1.e4 d5 2.exd5 Qxd5 3.Nc3 Qd6 4.d4 Nf6 5.Bc4 a6 6.Bb3 e6 7.Nf3 b5 8.Bg5 Bb7
9.Qe2 b4 10.Na4 Ne4 11.Nc5 Nxc5 12.dxc5 Qxc5 13.Bxe6 Be7 14.Bb3 Nc6 15.O-O-O O-O
16.Bxe7 Nxe7 17.Rd7 Ng6 18.Re1 Bc6 19.Rdd1 Rfe8  1/2-1/2

[Event "TCh-CRO"]
[Site "Medulin CRO"]
[Date "2002.09.15"]
[Round "7"]
[White "Brkic,A"]
[Black "Kurajica,B"]
[Result "1/2-1/2"]
[WhiteElo "2351"]
[BlackElo "2555"]

1.e4 d5 2.exd5 Qxd5 3.Nc3 Qd6 4.Nf3 Nf6 5.d4 a6 6.Be2 Nbd7 7.a3 e6 8.O-O c5
9.dxc5 Qxd1 10.Nxd1 Nxc5 11.Ne3  1/2-1/2

[Event "ECC"]
[Site "Halkidiki GRE"]
[Date "2002.09.22"]
[Round "1"]
[White "Rudolf,Hen"]
[Black "Hasangatin,R"]
[Result "1/2-1/2"]
[WhiteElo "2348"]
[BlackElo "2517"]

1.e4 d5 2.exd5 Qxd5 3.Nc3 Qd6 4.d4 Nf6 5.Bg5 a6 6.Qd2 b5 7.Bxf6 gxf6 8.Be2 Bb7
9.Bf3 Bxf3 10.Nxf3 Nd7 11.a4 b4 12.Ne4 Qd5 13.Qe2 f5 14.Ned2 Bg7 15.Qc4 c6
16.a5 O-O 17.O-O Rfb8 18.Rfe1 e6 19.Ra4 Qb5 20.Qxb5 Rxb5 21.Nc4 Rd8 22.g3 h6
23.Kg2 Rbb8 24.Re2 c5 25.c3 bxc3 26.bxc3 Rb3 27.Rc2 Bf8 28.Raa2 Rb5 29.Rab2 Rdb8
30.Nfe5 Rxb2 31.Nxb2 Nf6 32.Nbd3 Rb5 33.Nc6 Nd7 34.Rb2 Rxb2 35.Nxb2 cxd4
36.cxd4 Bd6 37.Nd3 Nb8 38.Nxb8 Bxb8 39.Nc5 Bc7 40.Nxa6 Bxa5 41.Nc5 Bc3 42.Nb3 Kf8
43.h3 Ke7 44.g4 fxg4 45.hxg4 Kd6 46.f4 Kd5 47.Kf3 Bxd4 48.Nd2 Bf6 49.Ne4 Be7
50.Nc3+ Kc6 51.Ne4 Bh4 52.Nd2 Kd5 53.Ne4 Be1 54.Nf6+ Kd6 55.Ne4+ Ke7 56.Ke2 Bh4
57.Kf3 f6 58.Nd2 Be1 59.Ne4 f5 60.Nc5 Kd6 61.Nxe6  1/2-1/2

[Event "ECC"]
[Site "Halkidiki GRE"]
[Date "2002.09.23"]
[Round "2"]
[White "Nataf,IA"]
[Black "Lazic,Mi"]
[Result "1/2-1/2"]
[WhiteElo "2560"]
[BlackElo "2459"]

1.e4 d5 2.exd5 Qxd5 3.Nc3 Qd8 4.d4 Nf6 5.Bg5 c6 6.Qd3 Qa5 7.Bxf6 exf6 8.O-O-O Be6
9.Qe3 Na6 10.Bc4 Nc7 11.Nge2 O-O-O 12.Bxe6+ fxe6 13.Kb1 Bb4 14.a3 Bxc3 15.Nxc3 Rhe8
16.Qh3 h5 17.Rhe1  1/2-1/2

[Event "ch-ESP Gp A"]
[Site "Ayamonte ESP"]
[Date "2002.10.06"]
[Round "3"]
[White "Shirov,A"]
[Black "Romero Holmes,A"]
[Result "1-0"]
[WhiteElo "2699"]
[BlackElo "2524"]

1.e4 d5 2.exd5 Qxd5 3.Nc3 Qd6 4.Nf3 Nf6 5.d4 a6 6.Bd3 Nc6 7.O-O Bg4 8.h3 Bh5
9.Ne4 Nxe4 10.Bxe4 e6 11.c3 f6 12.Qb3 O-O-O 13.Re1 Bf7 14.c4 g5 15.c5 Qd7
16.Bxg5 Bg7 17.Bh4 Na5 18.Qc3 Nc6 19.Qb3 Rhe8 20.Rad1 Bg6 21.d5 exd5 22.Rxd5 Qf7
23.Rxd8+ Nxd8 24.Qxf7 Bxf7 25.Bf5+ Kb8 26.Rxe8 Bxe8 27.Bxh7 Ne6 28.b4 a5
29.a3 Bc6 30.Bf5 Nf4 31.Nd4 axb4 32.axb4 Nd5 33.b5 Be8 34.Bg3 Bf8 35.Ne6  1-0

[Event "6th Final RUS Cup"]
[Site "Nefteyugansk RUS"]
[Date "2002.10.09"]
[Round "5"]
[White "Kazakov,P"]
[Black "Ovetchkin,R"]
[Result "1-0"]
[WhiteElo "2424"]
[BlackElo "2573"]

1.e4 d5 2.exd5 Qxd5 3.Nc3 Qd6 4.d4 Nf6 5.Nf3 a6 6.Bd3 Bg4 7.O-O Nc6 8.Ne4 Nxe4
9.Bxe4 O-O-O 10.Bxc6 Qxc6 11.Ne5 Bxd1 12.Nxc6 bxc6 13.Rxd1 e6 14.Bf4 Be7
15.Be5 f6 16.Bg3 Rd5 17.Re1 Kd7 18.c3 c5 19.Rad1 Rb8 20.b3 a5 21.dxc5 Bxc5
22.Kf1 Bd6 23.c4 Rxd1 24.Rxd1 Kc6 25.Ke2 e5 26.f3 a4 27.Rd3 axb3 28.axb3 Ra8
29.Be1 f5 30.Bc3 Ra2+ 31.Rd2 Ra3 32.Rb2 Ra1 33.Kd3 Rd1+ 34.Rd2 Rb1 35.Kc2 Rg1
36.b4 e4 37.fxe4 fxe4 38.g3 g5 39.b5+ Kb7 40.Bd4 Rf1 41.c5 Be7 42.c6+ Kc8
43.Re2 Rh1 44.Rxe4 Rxh2+ 45.Kd3 Bd8 46.Re8 Rh6 47.Bc5 Rh1 48.Kc2 Rh2+ 49.Kc3 Rh1
50.Be7 Rd1 51.Bxg5  1-0

[Event "ch-ESP Open"]
[Site "Ayamonte ESP"]
[Date "2002.10.10"]
[Round "7"]
[White "Rodriguez Guerrero,E"]
[Black "Lopez Martinez,J"]
[Result "1/2-1/2"]
[WhiteElo "2319"]
[BlackElo "2437"]

1.e4 d5 2.exd5 Qxd5 3.Nc3 Qd8 4.d4 c6 5.Bc4 Bf5 6.Nf3 e6 7.Ne5 Nd7 8.Bf4 Ngf6
9.O-O Be7 10.Ne2 Nxe5 11.Bxe5 O-O 12.Bd3 Bg6 13.Nf4 Bxd3 14.Nxd3 Qd5 15.c3 Rfd8
16.Qe2 Rac8 17.Rfd1 Qe4 18.Qxe4 Nxe4 19.f3 Nd6 20.Rac1 Bg5 21.Bf4 Be7 22.Kf2 h6
23.Nc5 b6 24.Ne4 Rd7 25.Bxd6 Bxd6 26.Nxd6 Rxd6 27.Re1 Rd5 28.Rc2 Kf8 29.Rce2 c5
30.dxc5 Rcxc5 31.Rc2 Ke7 32.Ree2 g5 33.c4 Rd4 34.b3 g4 35.Red2 Rxd2+ 36.Rxd2 gxf3
37.gxf3 a5 38.Ke3 Rg5 39.Kf4 Rg1 40.Ke3 Re1+ 41.Kf4 Rc1 42.Ke4 Rc3 43.Rf2 Kd6
44.Rd2+ Ke7 45.Rf2 f5+ 46.Kd4 Rc1 47.Rb2 Kd6 48.b4 Rd1+ 49.Ke3 Re1+ 50.Kd2 Rh1
51.Ke3 axb4 52.Rxb4 Kc5 53.Rb5+ Kxc4 54.Rxb6 Kc5 55.Ra6 Kd5 56.Kf4 Rxh2 57.Ra5+ Kd6
58.a4 Ke7 59.Ra8 Kf6 60.Rf8+ Ke7 61.Ra8 Kf7 62.a5 Ra2 63.a6 Ra4+ 64.Ke5 Ra5+
65.Kd6 e5  1/2-1/2

[Event "TCh-AUT B"]
[Site "Mitte AUT"]
[Date "2002.10.11"]
[Round "7"]
[White "Pavasovic,D"]
[Black "Konopka,M"]
[Result "1-0"]
[WhiteElo "2581"]
[BlackElo "2449"]

1.e4 d5 2.exd5 Qxd5 3.Nc3 Qd6 4.d4 c6 5.Bc4 Nf6 6.Nge2 e6 7.Bf4 Qb4 8.Bb3 Nbd7
9.O-O Qa5 10.Ng3 Be7 11.Qe2 O-O 12.Rad1 Qd8 13.Nce4 b6 14.Be5 Nxe4 15.Nxe4 Nxe5
16.dxe5 Qc7 17.f4 c5 18.Nd6 Bxd6 19.exd6 Qd7 20.Rf3 Bb7 21.Re3 b5 22.c4 b4
23.Re5 Rac8 24.Qf2 Rc6 25.Ba4 Rxd6 26.Bxd7 Rxd1+ 27.Re1 Rxd7 28.Qxc5 Rd2
29.Qxb4 Rxg2+ 30.Kf1 Ba8 31.Re2 Rg4 32.Qd6 g5 33.Rf2 Rc8 34.b3 Rxf4 35.Rxf4 gxf4
36.Qxf4 Bc6 37.Qg5+ Kf8 38.h4 a6 39.h5 Be4 40.Kf2 Rc6 41.Qf4 Bf5 42.b4 Ke7
43.c5 f6 44.a4 a5 45.Qb8 Kd7 46.Qa7+ Rc7 47.Qxa5 Be4 48.Qb6  1-0

[Event "Before Thunder Storm"]
[Site "Tel Aviv ISR"]
[Date "2002.10.23"]
[Round "4"]
[White "Tseitlin,Ma"]
[Black "Gershkowich,D"]
[Result "1-0"]
[WhiteElo "2472"]
[BlackElo "2216"]

1.e4 d5 2.exd5 Qxd5 3.Nc3 Qd8 4.d4 c6 5.Bc4 Bf5 6.Bg5 Nf6 7.Nf3 e6 8.Ne5 Bb4
9.O-O O-O 10.g4 Bg6 11.f4 Be7 12.h4 Nd5 13.Bxd5 Bxg5 14.hxg5 cxd5 15.Nxg6 fxg6
16.Qe2 Qd6 17.Rae1 Re8 18.Nb1 Nc6 19.c3 Re7 20.Rf3 Rf8 21.Ref1 Ref7 22.Qe3 b5
23.Nd2 Na5 24.b4 Nc4 25.Nxc4 dxc4 26.Qe4 Kh8 27.Kg2 Kg8 28.Kg3 Re8 29.Re1 Ree7
30.Qe5 Qb6 31.Rfe3 Rf8 32.d5 Rd8 33.dxe6 Qc6 34.f5 gxf5 35.gxf5 Rd2 36.f6 Qg2+
37.Kh4  1-0

[Event "6th OIBM"]
[Site "Bad Wiessee GER"]
[Date "2002.10.27"]
[Round "2"]
[White "Landa,K"]
[Black "Van de Berkmortel,T"]
[Result "1-0"]
[WhiteElo "2632"]
[BlackElo "2216"]

1.e4 d5 2.exd5 Qxd5 3.Nc3 Qd8 4.Bc4 Nf6 5.Nf3 Bf5 6.Ne5 Bg6 7.d4 Nbd7 8.Bg5 c6
9.Qe2 e6 10.Nxd7 Qxd7 11.d5 Bb4 12.dxe6 Qd4 13.exf7+ Kf8 14.O-O Bxc3 15.bxc3 Qe4
16.Be3 Bxf7 17.Bd3 Qe7 18.c4 Re8 19.Rfe1 b6 20.Qf3 c5 21.Bd2 Qc7 22.Bc3 Bh5
23.Qf5 Bg6 24.Rxe8+ Kxe8 25.Qe6+ Qe7 26.Qc8+ Qd8 27.Qb7 Bxd3 28.Qxg7 Rg8
29.Re1+ Be4 30.Rxe4+  1-0

[Event "Olympiad"]
[Site "Bled SLO"]
[Date "2002.10.29"]
[Round "4"]
[White "Kengis,E"]
[Black "Beliavsky,A"]
[Result "1/2-1/2"]
[WhiteElo "2570"]
[BlackElo "2650"]

1.e4 d5 2.exd5 Qxd5 3.Nc3 Qd6 4.d4 Nf6 5.Nf3 a6 6.g3 b5 7.Bg2 Bb7 8.O-O e6
9.Bf4 Qb6 10.Ne5 Bxg2 11.Kxg2 Qb7+ 12.Qf3 Qxf3+ 13.Kxf3 Nbd7 14.Nc6 Nb6 15.a4 b4
16.Ne4 Nfd5 17.a5 Nc4 18.b3 Na3 19.Rfc1 Nb5 20.Bd2 f5 21.Nc5 e5 22.Re1 e4+
23.Kg2 Nxd4 24.Nxd4 Bxc5 25.Nxf5 O-O 26.Ne3 Rad8 27.Re2 Bxe3 28.Bxe3 Nxe3+
29.Rxe3 Rd2 30.Rf1 Rxc2 31.Rxe4 c5 32.Re5 h6 33.h4 Rc3 34.Rd1 Rxb3 35.Rxc5 Rb2
36.Rf1 Ra2 37.g4 b3 38.h5 Kh7 39.Rd5 Rb8 40.Rb1 Rb4 41.Kg3 Rc2 42.Rd6 b2
43.Rb6 Rc3+ 44.f3 Rxb6 45.axb6 Rb3  1/2-1/2

[Event "Olympiad"]
[Site "Bled SLO"]
[Date "2002.10.30"]
[Round "5"]
[White "Socko,B"]
[Black "Kurajica,B"]
[Result "1/2-1/2"]
[WhiteElo "2569"]
[BlackElo "2548"]

1.e4 d5 2.exd5 Qxd5 3.Nc3 Qd6 4.d4 Nf6 5.Nf3 a6 6.Be3 e6 7.Bd3 Nbd7 8.Qe2 b5
9.a4 b4 10.Ne4 Qd5 11.Bf4 Ra7 12.O-O Be7 13.c4 bxc3 14.bxc3 O-O 15.c4 Qa8
16.Neg5 Bd6 17.Ne5 h6 18.Ne4 Bxe5 19.dxe5 Nxe4 20.Qxe4 Qxe4 21.Bxe4 Bb7 22.Bc2 a5
23.Be3 Raa8 24.f4 Bc6 25.Rfb1 Rfd8 26.c5 Nb8 27.f5 exf5 28.Bxf5 Bd5 29.Rd1 Nc6
30.Bf4 Rab8 31.e6 fxe6 32.Bxc7 exf5 33.Bxb8 Nxb8 34.Rab1 Nc6 35.Rb6 Nb4 36.c6 Rc8
37.Rxb4 axb4 38.Rxd5 Rxc6 39.Rxf5  1/2-1/2

[Event "Olympiad"]
[Site "Bled SLO"]
[Date "2002.11.04"]
[Round "9"]
[White "Nyysti,S"]
[Black "Rocha,S"]
[Result "1-0"]
[WhiteElo "2410"]
[BlackElo "2390"]

1.e4 d5 2.exd5 Qxd5 3.Nc3 Qd6 4.d4 a6 5.Be3 Nf6 6.Bd3 Nc6 7.Nf3 Bg4 8.Qe2 e6
9.O-O-O Be7 10.h3 Bh5 11.Kb1 Nb4 12.g4 Nxd3 13.cxd3 Bg6 14.Ne5 Nd5 15.h4 f6
16.h5 Bf7 17.Nxf7 Kxf7 18.Rc1 c6 19.Ne4 Qd7 20.g5 f5 21.Nd2 Bd6 22.Qf3 Ke7
23.Nc4 Raf8 24.Bd2 f4 25.Rhe1 Rf5 26.Qg4 Kd8 27.Rxe6 Qxe6 28.Nxd6 Qxd6 29.Qxf5 Qd7
30.Qe5 Qc7 31.Qf5 Qd7 32.Qe5 Qc7 33.Qe4 Qf7 34.g6 hxg6 35.hxg6 Qf6 36.Re1 Kc8
37.Kc2 Kd7 38.a3 Rd8 39.Ba5 Rh8 40.Bd2 Rd8 41.Ba5 Rh8 42.Qg2 Rh5 43.Qg4+ Qf5
44.Qxf5+ Rxf5 45.Rg1 Rh5 46.Kd2 Rh2 47.Ke2 Ke6 48.Rg5 Rh8 49.Bd2 Kf6 50.Rg1 Kf5
51.Ba5 Rh6 52.Kf3 Rh3+ 53.Ke2 f3+ 54.Ke1 Nf4 55.Kd2 Ng2 56.d5 cxd5 57.Rc1 Rh6
58.Rc7 Rxg6 59.Rxb7 Re6 60.Bb6 g5 61.a4 Ke5 62.a5 d4 63.Rd7 g4 64.Bxd4+ Kf5
65.b4 Nf4 66.Rf7+ Kg5 67.Be3 Rxe3 68.Kxe3 Nd5+ 69.Ke4 Nxb4 70.d4 Nc6 71.d5 Nxa5
72.d6 Nc4 73.Kd5 Nxd6 74.Kxd6 a5 75.Ke5 a4 76.Rg7+ Kh4 77.Kf4 Kh3 78.Rxg4  1-0

[Event "Olympiad"]
[Site "Bled SLO"]
[Date "2002.11.04"]
[Round "9"]
[White "Obodchuk,A"]
[Black "Kuntz,P"]
[Result "1-0"]
[WhiteElo "2423"]
[BlackElo "2200"]

1.e4 d5 2.exd5 Qxd5 3.Nc3 Qd6 4.d4 Nf6 5.Be2 c6 6.Bg5 Bf5 7.Nf3 Nbd7 8.Qd2 Nb6
9.Ne5 e6 10.g4 Ne4 11.Nxe4 Bxe4 12.f3 Bg6 13.Bf4 Qd8 14.c4 Be7 15.O-O-O Nd7
16.Nxg6 hxg6 17.Kb1 Nf6 18.Be5 Bd6 19.Qf4 Bxe5 20.dxe5 Nd7 21.Rd6 Qe7 22.Qd4 Nb6
23.f4 Nc8 24.g5 Nxd6 25.exd6 Qd7 26.Qxg7 O-O-O 27.c5 e5 28.fxe5 Qf5+ 29.Ka1 Rdg8
30.Qf6 Qxf6 31.exf6 Re8 32.Bg4+ Kd8 33.h3 Re4 34.Rc1 Rhe8 35.Kb1 Re1 36.Bd1 R8e5
37.h4 R5e4 38.Bb3 Rxc1+ 39.Kxc1 Ke8 40.d7+ Kxd7 41.Bxf7 Rxh4 42.Bxg6 Ke6
43.Bc2 Rg4 44.Bf5+  1-0

[Event "Blue Autumn"]
[Site "Bucharest ROM"]
[Date "2002.11.04"]
[Round "13"]
[White "Radovanovic,D"]
[Black "Mateuta,G"]
[Result "0-1"]
[WhiteElo "2334"]
[BlackElo "2390"]

1.e4 d5 2.exd5 Qxd5 3.Nc3 Qd8 4.d4 Nf6 5.Bc4 a6 6.Nf3 b5 7.Bb3 c5 8.a4 b4
9.Ne2 e6 10.O-O Be7 11.Bg5 O-O 12.Qd3 Bb7 13.Rad1 Nbd7 14.c3 Qa5 15.Ne5 cxd4
16.Bxf6 Nxe5 17.Bxe5 Qxe5 18.cxd4 Qg5 19.Qh3 g6 20.f4 Qa5 21.Ng3 Bd5 22.Ne2 Rac8
23.Rc1 Bf6 24.Qd3 Rfd8 25.Bxd5 Qxd5 26.Rxc8 Rxc8 27.Qxa6 Rc2 28.b3 Bxd4+
29.Kh1 Qe4  0-1

[Event "Olympiad w"]
[Site "Bled SLO"]
[Date "2002.11.05"]
[Round "10"]
[White "Fierro Baquero,M"]
[Black "Koskoska,G"]
[Result "0-1"]
[WhiteElo "2384"]
[BlackElo "2250"]

1.e4 d5 2.exd5 Qxd5 3.Nc3 Qd8 4.d4 c6 5.Bc4 Bf5 6.Nf3 e6 7.Ne5 Nd7 8.Qe2 Nxe5
9.dxe5 Bb4 10.O-O Ne7 11.Bb3 Qc7 12.f4 h5 13.Ne4 Bxe4 14.Qxe4 Bc5+ 15.Be3 Qb6
16.Rae1 Nf5 17.Bf2 O-O-O 18.c3 Rd2 19.Re2 Rhd8 20.g3 g6 21.Bxc5 Qxc5+ 22.Kh1 Nh6
23.Rf3 Qb5 24.Rff2 Ng4 25.Rg2 Rxe2 26.Qxe2 Qb6 27.h3 Ne3 28.Rg1 Nf5 29.Qe1 Rd3
30.Kh2 Qe3 31.Qxe3 Nxe3 32.g4 hxg4 33.hxg4 b5 34.Kh3 c5 35.a3 c4 36.Ba2 Nd5+
37.Kh4 Rd2 38.Bb1 Rxb2 39.f5 gxf5 40.gxf5 Nxc3 41.fxe6 fxe6 42.Rg8+ Kd7 43.Bg6 Nd5
44.Ra8 c3 45.Rxa7+ Nc7 46.a4 Rb4+ 47.Kg3 Rxa4 48.Be8+ Kxe8 49.Rxc7 Rc4  0-1